000 00269nam a2200109Ia 4500
008 240625s9999 xx 000 0 und d
041 _aeng
082 _a005.133 GLA
100 _aGLASSBOROW FRANCIS
245 _aBEGINNER S INTRODUCTION TO COMPUTER PROG
260 _c2007
999 _c33825
_d33825